1784 1412 1694 1755 1740 1007 1725 1045 1838 1360 1190 1439 1620 1137 1238 1526 1587 1328 1772 1892 1159 1306 1608 1763 1696 1639 1297 1261 1231 1914 1750 1491 1377 1618 1902 1660 1409 1945 1317 1462 1830 1898 1179 1044 1557 1880 1397 1643 1190 1923 1770 1153 1547 1196 1806 1876 1760 1763 1932 1349 1765 1796 1599 1936 1700 1882 1440 1649 1133 1851 1503 1574 1500 1202 1144 1921 1780 1071 1154 1168 1866 1324 1085 1293 1817 1156 1871 1583 1067 1803 1335 1120 1440 1494 1199 1449 1712 1370 1745 BCNSPRNW ULIB Ver.6.0+V

เปลี่ยนเป็นภาษาไทย

Change to English
 แสดงรายละเอียดบรรณานุกรม
  กลับหน้าหลัก

Brief Record : Get Marc (ISO 2709) : E-mail record : QR code < ปิดหน้าต่าง
LEADER : 00000nam 2200000uu 4500
001    13399110334
003     ULIB
008    110429s2553||||th 000 0 tha d
020    9789741112777
082 04 WM290^bป196จ 2553
100 0  ประกิต วาทีสาธกกิจ
245 10 จุดประกายเปลี่ยนโฉมประเทศไทยปลอดควันบุหรี่ /^cประกิต วาทีสาธกกิจ
250    พิมพ์ครั้งที่ 1
260    กรุงเทพฯ :^bมูลนิธิรณรงค์เพื่อการไม่สูบบุหรี่,^c2553
300    277 หน้า :^bภาพประกอบ
650  7 การสูบบุหรี่^zไทย^xการป้องกันและควบคุม
650  7 คนติดบุหรี่
710 20 มูลนิธิรณรงค์เพื่อการไม่สูบบุหรี่
945    ^p100^l0^i028886
945    ^p100^l0^i027968
995    ทศพร
999 ^a ใช้งานได้ทุกระบบ
รายการนี้ยังไม่มีแท็ก
คุณยังไม่ได้ล็อกอิน คุณสามารถมีกิจกรรมร่วมกับเว็บไซต์ได้ แต่ต้องล็อกอินก่อน ::
  ล็อกอิน

รายการสื่อสารสนเทศ

ลำดับที่ ประเภท เลขเรียก/บาร์โค้ด สถานที่ สถานะ
1. วิทยาศาสตร์การแพทย์ และสุขภาพ
หนังสือสำรอง
สถานะ=หนังสือสำรอง
WM290 ป196จ 2553 ฉ.1 
  Barcode: 027968
ห้องสมุดวิทยาเขตสวรรค์ประชารักษ์
►ส่วนจัดเก็บหนังสือเก่า สปร
บนชั้น
  ขอยืม
2. วิทยาศาสตร์การแพทย์ และสุขภาพ
วิทยาศาสตร์การแพทย์ และสุขภาพ
WM290 ป196จ 2553 ฉ.2 
  Barcode: 028886
ห้องสมุดวิทยาเขตสวรรค์ประชารักษ์
►ส่วนจัดเก็บหนังสือเก่า สปร
บนชั้น
  ขอยืม

รายการใกล้เคียง
    ผู้แต่ง [ประกิต วาทีสาธกกิจ]

BibComment


ยังไม่เคยถูกคอมเมนท์

คอมเมนท์ทรัพยากรรายการนี้
  คอมเมนท์: จุดประกายเปลี่ยนโ..


 Copyright 2026. Bcnsprnw @Library